[Event "Midland Ch Forrest Cup"]
[Site "Derby"]
[Date "1993.03.20"]
[Round "2"]
[White "Hebden, Mark L"]
[Black "Eames, Robert S"]
[Result "1-0"]
[WhiteElo "2536"]
[BlackElo "2128"]
[PlyCount "95"]
[EventDate "1993.03.19"]
[EventType "swiss"]
[EventRounds "6"]
[EventCountry "ENG"]
[SourceTitle "BritBase"]
[Source "John Saunders"]
[SourceDate "2022.11.28"]
[SourceVersion "1"]
[SourceVersionDate "2022.08.23"]
[SourceQuality "1"]

1. d4 Nf6 2. Nf3 e6 3. Bg5 h6 4. Bxf6 Qxf6 5. e4 d6 6. Nc3 Nd7 7. Qd2 a6 8.
O-O-O g5 9. Kb1 g4 10. Ne1 h5 11. f4 gxf3 12. Nxf3 Bh6 13. Qe1 b5 14. e5 Qe7
15. d5 Bb7 16. exd6 cxd6 17. dxe6 fxe6 18. Nd4 Ne5 19. Ncxb5 axb5 20. Bxb5+ Kf8
21. Qg3 Bg7 22. Rhe1 Rh6 23. Re3 Kg8 24. Qe1 Kh8 25. g3 Bd5 26. a4 Ng4 27. Re2
Rc8 28. Qb4 Qa7 29. h3 Qc5 30. Qxc5 dxc5 31. Nf5 exf5 32. Rxd5 Nf6 33. Rxf5 Rg6
34. Rf3 c4 35. c3 Rg5 36. Kc2 Kh7 37. h4 Rg4 38. Re6 Ne4 39. Bd7 Rc5 40. Re7
Rxg3 41. Bf5+ Rxf5 42. Rxf5 Rg2+ 43. Kb1 Kg6 44. Rf4 Nd2+ 45. Ka2 Rg1 46. Rd7
Be5 47. Rf8 Rd1 48. a5 1-0

[Event "Midland Ch Forrest Cup"]
[Site "Derby"]
[Date "1993.03.20"]
[Round "2"]
[White "Kitson, Peter R"]
[Black "Cammack, George E"]
[Result "1-0"]
[WhiteElo "2016"]
[BlackElo "1360"]
[PlyCount "75"]
[EventDate "1993.03.19"]
[EventType "swiss"]
[EventRounds "6"]
[EventCountry "ENG"]
[SourceTitle "BritBase"]
[Source "John Saunders"]
[SourceDate "2022.11.28"]
[SourceVersion "1"]
[SourceVersionDate "2022.08.23"]
[SourceQuality "1"]

1. e4 g6 2. f4 Nc6 3. Nf3 d6 4. Bc4 h6 5. Nc3 e6 6. d3 Bg7 7. O-O Nge7 8. Bd2
O-O 9. a3 a6 10. Qe1 Nd4 11. Nxd4 Bxd4+ 12. Kh1 Kh7 13. Ba2 Bg7 14. Qe2 b6 15.
Rae1 Bb7 16. Nd1 Qd7 17. c3 Rae8 18. Bc1 d5 19. Bb1 Qc8 20. d4 Ng8 21. e5 Ne7
22. Ne3 c5 23. Rf3 c4 24. Rh3 Ng8 25. g4 f6 26. Rg1 Rf7 27. g5 f5 28. gxh6 Bxh6
29. Ng2 Ne7 30. Nh4 Rg8 31. Nf3 Kg7 32. Qg2 Kh7 33. Ng5+ Kg7 34. Nxf7 Kxf7 35.
Rxh6 Rg7 36. Qg5 Ng8 37. Rxg6 Qf8 38. Rxg7+ 1-0

[Event "Midland Ch Forrest Cup"]
[Site "Derby"]
[Date "1993.03.20"]
[Round "2"]
[White "Ledger, Stephen C"]
[Black "Cooper, Lawrence"]
[Result "0-1"]
[WhiteElo "2088"]
[BlackElo "2240"]
[PlyCount "62"]
[EventDate "1993.03.19"]
[EventType "swiss"]
[EventRounds "6"]
[EventCountry "ENG"]
[SourceTitle "BritBase"]
[Source "John Saunders"]
[SourceDate "2022.11.28"]
[SourceVersion "1"]
[SourceVersionDate "2022.08.23"]
[SourceQuality "1"]

1. d4 Nf6 2. Nf3 c5 3. Bg5 cxd4 4. Bxf6 gxf6 5. Qxd4 Nc6 6. Qd2 d5 7. e3 Bg4 8.
Nc3 Bxf3 9. gxf3 e6 10. O-O-O Qa5 11. Bb5 Bb4 12. e4 O-O-O 13. Bxc6 d4 14. Qe2
dxc3 15. Bb5 Qxa2 16. Qc4+ Qxc4 17. Bxc4 cxb2+ 18. Kxb2 Bc5 19. Rxd8+ Kxd8 20.
Rd1+ Ke7 21. Bb5 Bd6 22. c4 Rc8 23. Kb3 Rc5 24. Kc3 a6 25. Ba4 b5 26. Bb3 a5
27. Rb1 bxc4 28. Bxc4 Rh5 29. Rb7+ Kf8 30. Rd7 Bb4+ 31. Kd3 Rxh2 0-1

[Event "Midland Ch Forrest Cup"]
[Site "Derby"]
[Date "1993.03.20"]
[Round "2"]
[White "McSheehy, Nigel AP"]
[Black "Molyneux, John"]
[Result "1-0"]
[WhiteElo "1880"]
[BlackElo "2072"]
[PlyCount "91"]
[EventDate "1993.03.19"]
[EventType "swiss"]
[EventRounds "6"]
[EventCountry "ENG"]
[SourceTitle "BritBase"]
[Source "John Saunders"]
[SourceDate "2022.11.28"]
[SourceVersion "1"]
[SourceVersionDate "2022.08.23"]
[SourceQuality "1"]

1. d4 f5 2. g3 Nf6 3. Bg2 e6 4. c4 Be7 5. Nf3 O-O 6. O-O Ne4 7. b3 Bf6 8. Bb2
c5 9. e3 Nc6 10. Qe2 d6 11. Rd1 Qe7 12. dxc5 dxc5 13. Na3 Nc3 14. Bxc3 Bxc3 15.
Rac1 Bf6 16. Nb5 Bd7 17. e4 a6 18. e5 axb5 19. exf6 gxf6 20. cxb5 Nb4 21. a4
Rae8 22. Nd2 Bc8 23. Nc4 Rd8 24. Ne3 e5 25. Qc4+ Be6 26. Nxf5 Rxd1+ 27. Rxd1
Qe8 28. Qg4+ Qg6 29. Ne7+ Kf7 30. Qxe6+ Kxe6 31. Nxg6 hxg6 32. Bxb7 Rb8 33. Bg2
f5 34. Rd2 e4 35. Bf1 Ra8 36. Bc4+ Ke7 37. h4 Ra7 38. Kf1 Ra8 39. Ke2 Kf6 40.
Rd6+ Ke5 41. Rxg6 Rd8 42. a5 Kd4 43. b6 Kc3 44. Ke3 Rd3+ 45. Kf4 Rf3+ 46. Kg5
1-0

[Event "Midland Ch Forrest Cup"]
[Site "Derby"]
[Date "1993.03.20"]
[Round "2"]
[White "Nixon, Rodney J"]
[Black "Gilmore, Simon N"]
[Result "1-0"]
[WhiteElo "1856"]
[BlackElo "2008"]
[PlyCount "79"]
[EventDate "1993.03.19"]
[EventType "swiss"]
[EventRounds "6"]
[EventCountry "ENG"]
[SourceTitle "BritBase"]
[Source "John Saunders"]
[SourceDate "2022.11.28"]
[SourceVersion "1"]
[SourceVersionDate "2022.08.23"]
[SourceQuality "1"]

1. d4 Nf6 2. c4 g6 3. Nc3 d5 4. Nf3 Bg7 5. Qb3 dxc4 6. Qxc4 O-O 7. e4 a6 8. Be3
b5 9. Qb3 Bb7 10. d5 Nbd7 11. Be2 Ng4 12. Bd4 Nge5 13. Nxe5 Nxe5 14. Be3 Qd7
15. h3 c6 16. Rd1 cxd5 17. Nxd5 Bxd5 18. Rxd5 Qb7 19. f4 Nc6 20. O-O e6 21. Rd2
Rad8 22. Rfd1 Rxd2 23. Rxd2 Rc8 24. Qd1 e5 25. Rd7 Rc7 26. Rd5 exf4 27. Bxf4
Qb6+ 28. Kh1 Re7 29. Bf3 Bxb2 30. Bd6 Re8 31. Bc5 Qb8 32. Qc2 Be5 33. Bg4 Rd8
34. Bd7 Rxd7 35. Rxd7 Qc8 36. Qd3 Nd4 37. Rd5 Nc6 38. Bd6 Kg7 39. Bxe5+ Nxe5
40. Rxe5 1-0

[Event "Midland Ch Forrest Cup"]
[Site "Derby"]
[Date "1993.03.20"]
[Round "2"]
[White "Tatlow, Stephen"]
[Black "Grinsell, Lee A"]
[Result "1-0"]
[WhiteElo "2072"]
[BlackElo "2032"]
[PlyCount "155"]
[EventDate "1993.03.19"]
[EventType "swiss"]
[EventRounds "6"]
[EventCountry "ENG"]
[SourceTitle "BritBase"]
[Source "John Saunders"]
[SourceDate "2022.11.28"]
[SourceVersion "1"]
[SourceVersionDate "2022.08.23"]
[SourceQuality "1"]

1. e4 c5 2. Nf3 d6 3. Bb5+ Bd7 4. Bxd7+ Qxd7 5. c4 Nc6 6. Nc3 e6 7. d4 cxd4 8.
Nxd4 Nf6 9. O-O Be7 10. Nc2 O-O 11. b3 a6 12. Bb2 Rab8 13. Qe2 b5 14. cxb5 axb5
15. Rfd1 Qb7 16. Rd2 Ne5 17. f3 Rfd8 18. Ne3 Ng6 19. g3 Nd7 20. Rc1 Nde5 21.
Rdc2 d5 22. Ncxd5 exd5 23. Rc7 Nxf3+ 24. Qxf3 dxe4 25. Rxb7 exf3 26. Rxb8 Rxb8
27. Nf5 Bf8 28. Kf2 h6 29. Rc2 Rd8 30. Kxf3 Rd5 31. Ne3 Rd8 32. a3 Re8 33. b4
Ne5+ 34. Bxe5 Rxe5 35. Rd2 Re8 36. Nc2 g6 37. Nd4 Rb8 38. Nc6 Rb6 39. Nd4 Bg7
40. Ke4 Rb8 41. Kd5 Kf8 42. Kc5 Bxd4+ 43. Rxd4 Ke7 44. Kc6 Ke6 45. Rd6+ Ke7 46.
Rd7+ Ke6 47. Rb7 Ra8 48. Rxb5 Rxa3 49. Rc5 Ra6+ 50. Kc7 Ra7+ 51. Kb6 Ra2 52. b5
Rxh2 53. Kc7 Rg2 54. Rc3 f5 55. b6 Rb2 56. Rc6+ Kf7 57. b7 Kg7 58. Rb6 Rc2+ 59.
Kd6 Rd2+ 60. Ke5 Re2+ 61. Kf4 Re4+ 62. Kf3 Re8 63. b8=Q Rxb8 64. Rxb8 Kf6 65.
Kf4 g5+ 66. Kf3 Kg6 67. g4 fxg4+ 68. Kxg4 h5+ 69. Kg3 Kf5 70. Rf8+ Kg6 71. Kf3
Kg7 72. Rf5 Kg6 73. Ke4 h4 74. Ra5 Kh5 75. Kf3 Kg6 76. Kg4 Kh6 77. Ra6+ Kg7 78.
Kxg5 1-0

[Event "Midland Ch Forrest Cup"]
[Site "Derby"]
[Date "1993.03.20"]
[Round "3"]
[White "Armstrong, Malcolm J"]
[Black "Cammack, George E"]
[Result "1-0"]
[WhiteElo "2000"]
[BlackElo "1360"]
[PlyCount "75"]
[EventDate "1993.03.19"]
[EventType "swiss"]
[EventRounds "6"]
[EventCountry "ENG"]
[SourceTitle "BritBase"]
[Source "John Saunders"]
[SourceDate "2022.11.28"]
[SourceVersion "1"]
[SourceVersionDate "2022.08.23"]
[SourceQuality "1"]

1. e4 g6 2. d4 d6 3. Nf3 Bd7 4. Bc4 e6 5. O-O Bg7 6. c3 Ne7 7. Bf4 O-O 8. Qd2
f6 9. Na3 a6 10. Bg3 b5 11. Bb3 a5 12. Rad1 Nbc6 13. Nxb5 Rf7 14. d5 exd5 15.
exd5 Nb8 16. Nbd4 Na6 17. Rfe1 Nf5 18. Nxf5 Bxf5 19. Nd4 Bd7 20. Re2 f5 21. Ne6
Qc8 22. Rde1 Bf6 23. h4 h5 24. Qh6 Bxe6 25. dxe6 Re7 26. Qxg6+ Bg7 27. Bf4 Nc5
28. Bg5 Qd8 29. Bxe7 Qxe7 30. Qf7+ Qxf7 31. exf7+ Kh7 32. Re8 Nd3 33. Rxa8 Nxe1
34. f8=Q Bxf8 35. Rxf8 Nd3 36. Rf7+ Kg6 37. Rxc7 f4 38. Bc2 1-0

[Event "Midland Ch Forrest Cup"]
[Site "Derby"]
[Date "1993.03.20"]
[Round "3"]
[White "Burke, Steven J"]
[Black "Barnes, Michael H"]
[Result "0-1"]
[WhiteElo "1976"]
[BlackElo "2208"]
[PlyCount "50"]
[EventDate "1993.03.19"]
[EventType "swiss"]
[EventRounds "6"]
[EventCountry "ENG"]
[SourceTitle "BritBase"]
[Source "John Saunders"]
[SourceDate "2022.11.28"]
[SourceVersion "1"]
[SourceVersionDate "2022.08.23"]
[SourceQuality "1"]

1. e4 e5 2. f4 exf4 3. Nf3 Be7 4. d4 Bh4+ 5. Kd2 Be7 6. c3 Nf6 7. Qe1 d5 8. e5
Ne4+ 9. Kc2 Bf5 10. Bd3 c5 11. dxc5 Nd7 12. Nd4 Bg6 13. Bxf4 Ndxc5 14. Bb5+ Kf8
15. Kc1 Qb6 16. Be2 Na4 17. Nb3 Rc8 18. Bg4 Nec5 19. Qe3 d4 20. Qd2 Nd3+ 21.
Kd1 Naxb2+ 22. Ke2 dxc3 23. Qe3 Nxf4+ 24. Qxf4 Rc4 25. Qf2 Bd3+ 0-1

[Event "Midland Ch Forrest Cup"]
[Site "Derby"]
[Date "1993.03.20"]
[Round "3"]
[White "Cooper, Lawrence"]
[Black "Tatlow, Stephen"]
[Result "1-0"]
[WhiteElo "2240"]
[BlackElo "2072"]
[PlyCount "81"]
[EventDate "1993.03.19"]
[EventType "swiss"]
[EventRounds "6"]
[EventCountry "ENG"]
[SourceTitle "BritBase"]
[Source "John Saunders"]
[SourceDate "2022.11.28"]
[SourceVersion "1"]
[SourceVersionDate "2022.08.23"]
[SourceQuality "1"]

1. d4 d5 2. Bg5 Nd7 3. e3 Ngf6 4. c4 Ne4 5. Bh4 g5 6. f3 gxh4 7. fxe4 dxe4 8.
Nc3 Nf6 9. Qc2 Bf5 10. Qf2 Qd7 11. Qxh4 O-O-O 12. h3 h6 13. O-O-O Bg7 14. Nge2
Qc6 15. g4 Bh7 16. c5 e6 17. Qf2 a6 18. b4 b5 19. Bg2 Rhf8 20. Ng3 a5 21. a3
axb4 22. axb4 Nd5 23. Ngxe4 Qa6 24. Kb2 Nxb4 25. Qe2 Nd5 26. Ra1 Qc6 27. Nxd5
exd5 28. Nc3 b4 29. Nb5 Kd7 30. Ra7 Rc8 31. Rha1 Rfe8 32. Kb3 Qg6 33. Bxd5 Qg5
34. c6+ Kd8 35. e4 Qxd5+ 36. exd5 Rxe2 37. d6 cxd6 38. Rd7+ Ke8 39. Nxd6+ Kf8
40. Nxc8 Be4 41. Rd8# 1-0

[Event "Midland Ch Forrest Cup"]
[Site "Derby"]
[Date "1993.03.20"]
[Round "3"]
[White "Eames, Robert S"]
[Black "Brown, Anthony J"]
[Result "1-0"]
[WhiteElo "2128"]
[BlackElo "2032"]
[PlyCount "55"]
[EventDate "1993.03.19"]
[EventType "swiss"]
[EventRounds "6"]
[EventCountry "ENG"]
[SourceTitle "BritBase"]
[Source "John Saunders"]
[SourceDate "2022.11.28"]
[SourceVersion "1"]
[SourceVersionDate "2022.08.23"]
[SourceQuality "1"]

1. e4 e5 2. Nf3 Nc6 3. Bb5 a6 4. Ba4 b5 5. Bb3 Na5 6. O-O d6 7. d4 Nxb3 8. axb3
f6 9. Nc3 c6 10. d5 b4 11. Na4 c5 12. Nh4 Ne7 13. f4 exf4 14. Bxf4 Ra7 15. Bg3
g6 16. Rxf6 Nf5 17. Rxf8+ Rxf8 18. exf5 Bxf5 19. Qe2+ Re7 20. Qxa6 Re4 21. Nxf5
Rxf5 22. Qc6+ Kf7 23. Nb6 Qf6 24. Nc8 Qd4+ 25. Kh1 Rxd5 26. Nxd6+ Kg7 27. Qd7+
Kf6 28. Rf1+ 1-0

[Event "Midland Ch Forrest Cup"]
[Site "Derby"]
[Date "1993.03.20"]
[Round "3"]
[White "Edgell, Benjamin P"]
[Black "Duncan, Christopher R"]
[Result "0-1"]
[WhiteElo "1760"]
[BlackElo "2264"]
[PlyCount "66"]
[EventDate "1993.03.19"]
[EventType "swiss"]
[EventRounds "6"]
[EventCountry "ENG"]
[SourceTitle "BritBase"]
[Source "John Saunders"]
[SourceDate "2022.11.28"]
[SourceVersion "1"]
[SourceVersionDate "2022.08.23"]
[SourceQuality "1"]

1. c4 e5 2. Nc3 Nf6 3. Nf3 Nc6 4. g3 d5 5. cxd5 Nxd5 6. d3 Be7 7. Bg2 Nb6 8.
O-O Be6 9. Bd2 O-O 10. a3 f6 11. b4 a5 12. b5 Nd4 13. Nxd4 exd4 14. Na4 Bd5 15.
Nxb6 cxb6 16. Bxd5+ Qxd5 17. Qa4 Bc5 18. Rac1 Rfe8 19. Rfe1 Re7 20. Qc4 Qxc4
21. Rxc4 Bxa3 22. Rxd4 Re5 23. Rd7 Rxb5 24. Ra1 Bb2 25. Ra4 Rb8 26. Rc4 Rc5 27.
Re4 f5 28. Ree7 Bf6 29. Rf7 a4 30. Bb4 Rb5 31. Bd6 Ra8 32. Rxb7 a3 33. Ra7 Ra5
0-1

[Event "Midland Ch Forrest Cup"]
[Site "Derby"]
[Date "1993.03.20"]
[Round "3"]
[White "Edwards, Simon R"]
[Black "Gilmore, Simon N"]
[Result "1/2-1/2"]
[WhiteElo "1728"]
[BlackElo "2008"]
[PlyCount "41"]
[EventDate "1993.03.19"]
[EventType "swiss"]
[EventRounds "6"]
[EventCountry "ENG"]
[SourceTitle "BritBase"]
[Source "John Saunders"]
[SourceDate "2022.11.28"]
[SourceVersion "1"]
[SourceVersionDate "2022.08.23"]
[SourceQuality "1"]

1. e4 e5 2. Nf3 Nc6 3. Bc4 Be7 4. O-O Nf6 5. Nc3 d6 6. d4 O-O 7. d5 Nb8 8. Re1
Ne8 9. Be3 g6 10. Bh6 Ng7 11. Qc1 f5 12. Nxe5 dxe5 13. d6+ Kh8 14. dxe7 Qxe7
15. exf5 Bxf5 16. Nd5 Qc5 17. Bb3 Be6 18. Qe3 Qxe3 19. Rxe3 Bxd5 20. Bxd5 c6
21. Bc4 1/2-1/2

[Event "Midland Ch Forrest Cup"]
[Site "Derby"]
[Date "1993.03.20"]
[Round "3"]
[White "Flear, Glenn C"]
[Black "Buckley, Graeme N"]
[Result "1-0"]
[WhiteElo "2504"]
[BlackElo "2288"]
[PlyCount "55"]
[EventDate "1993.03.19"]
[EventType "swiss"]
[EventRounds "6"]
[EventCountry "ENG"]
[SourceTitle "BritBase"]
[Source "John Saunders"]
[SourceDate "2022.11.28"]
[SourceVersion "1"]
[SourceVersionDate "2022.08.23"]
[SourceQuality "1"]

1. d4 Nf6 2. c4 g6 3. Nc3 Bg7 4. e4 O-O 5. Nf3 d6 6. h3 e5 7. d5 a5 8. Be3 Na6
9. Nd2 Nh5 10. g3 Bf6 11. Be2 Ng7 12. Nf3 Be7 13. g4 Bd7 14. Qd2 c6 15. O-O-O
Qb8 16. Rhg1 f6 17. h4 Rf7 18. Nh2 Nc5 19. f4 Bf8 20. f5 cxd5 21. Bxc5 dxc5 22.
Nxd5 Ra6 23. fxg6 hxg6 24. g5 fxg5 25. Qxg5 Ne8 26. Nf3 Bg7 27. h5 gxh5 28.
Nxe5 1-0

[Event "Midland Ch Forrest Cup"]
[Site "Derby"]
[Date "1993.03.20"]
[Round "3"]
[White "Joseph, Stephen Mario"]
[Black "Hebden, Mark L"]
[Result "0-1"]
[WhiteElo "2136"]
[BlackElo "2536"]
[PlyCount "92"]
[EventDate "1993.03.19"]
[EventType "swiss"]
[EventRounds "6"]
[EventCountry "ENG"]
[SourceTitle "BritBase"]
[Source "John Saunders"]
[SourceDate "2022.11.28"]
[SourceVersion "1"]
[SourceVersionDate "2022.08.23"]
[SourceQuality "1"]

1. e4 e5 2. Nf3 Nc6 3. d4 exd4 4. c3 dxc3 5. Nxc3 Bb4 6. Bc4 d6 7. Ng5 Bxc3+ 8.
bxc3 Ne5 9. Bb3 h6 10. f4 hxg5 11. fxe5 Qe7 12. O-O Qxe5 13. Bxf7+ Ke7 14. g3
Nf6 15. Bd5 c6 16. Bb3 Bg4 17. Qd4 Bh3 18. Re1 Ng4 19. Qxe5+ Nxe5 20. Bxg5+ Kd7
21. Re3 Raf8 22. Bf4 Ng6 23. Rf3 Rf6 24. Rf2 Rhf8 25. Be3 Ne5 26. Rxf6 Rxf6 27.
Rd1 Kc7 28. Bf4 g5 29. Bxe5 dxe5 30. Bc4 Rf3 31. Bf1 Bxf1 32. Rxf1 Rxc3 33. Rf5
Rc1+ 34. Kf2 Rc2+ 35. Ke3 Rxh2 36. Rxe5 Rxa2 37. Rxg5 b5 38. e5 Ra1 39. Rg7+
Kb6 40. Kd2 Ra4 41. Kd3 Kc5 42. Rd7 Rg4 43. e6 Rxg3+ 44. Ke4 Rg1 45. e7 Re1+
46. Kf5 a5 0-1

[Event "Midland Ch Forrest Cup"]
[Site "Derby"]
[Date "1993.03.20"]
[Round "3"]
[White "Kitson, Peter R"]
[Black "Arkell, Keith C"]
[Result "0-1"]
[WhiteElo "2016"]
[BlackElo "2488"]
[PlyCount "70"]
[EventDate "1993.03.19"]
[EventType "swiss"]
[EventRounds "6"]
[EventCountry "ENG"]
[SourceTitle "BritBase"]
[Source "John Saunders"]
[SourceDate "2022.11.28"]
[SourceVersion "1"]
[SourceVersionDate "2022.08.23"]
[SourceQuality "1"]

1. e4 c6 2. d4 d5 3. exd5 cxd5 4. Bd3 Nc6 5. c3 g6 6. Nf3 Nh6 7. O-O Bf5 8. Re1
Bxd3 9. Qxd3 Bg7 10. b4 a6 11. a4 O-O 12. Nbd2 Nf5 13. Nb3 Nd6 14. Nc5 a5 15.
b5 Nb8 16. Ne5 b6 17. Na6 Nxa6 18. bxa6 Qc7 19. Qf3 e6 20. Ba3 Rfd8 21. Rab1
Rxa6 22. Rb3 Nc4 23. Nxc4 Qxc4 24. Reb1 Qxa4 25. Qd3 Rda8 26. Qb5 Qxb5 27. Rxb5
Bf8 28. Bxf8 Kxf8 29. Rxb6 Rxb6 30. Rxb6 a4 31. Rb2 Ke7 32. Kf1 Kd6 33. Ke2 a3
34. Ra2 Kc6 35. Kd3 Kb5 0-1

[Event "Midland Ch Forrest Cup"]
[Site "Derby"]
[Date "1993.03.20"]
[Round "3"]
[White "Ledger, Andrew J"]
[Black "Alcock, Michael W"]
[Result "1-0"]
[WhiteElo "2328"]
[BlackElo "2120"]
[PlyCount "147"]
[EventDate "1993.03.19"]
[EventType "swiss"]
[EventRounds "6"]
[EventCountry "ENG"]
[SourceTitle "BritBase"]
[Source "John Saunders"]
[SourceDate "2022.11.28"]
[SourceVersion "1"]
[SourceVersionDate "2022.08.23"]
[SourceQuality "1"]

1. c4 e6 2. Nf3 Nf6 3. g3 c5 4. Bg2 Be7 5. O-O O-O 6. Nc3 d5 7. cxd5 exd5 8. d4
Nc6 9. b3 b6 10. Bb2 Ba6 11. Rc1 Re8 12. Re1 Rc8 13. dxc5 bxc5 14. Na4 c4 15.
Nd2 Bb4 16. bxc4 dxc4 17. Bc3 Ba3 18. Rb1 Nd5 19. Ne4 Nxc3 20. Nexc3 Nb4 21.
Bh3 Qxd1 22. Rexd1 Rcd8 23. Bd7 Re5 24. Bb5 Rxd1+ 25. Rxd1 g6 26. Bxa6 Nxa6 27.
Rd4 Nc5 28. Rxc4 Nxa4 29. Rxa4 Bc5 30. e3 Bb6 31. Kg2 Rc5 32. Ne4 Rc6 33. g4 h6
34. h4 f6 35. Ng3 Kf7 36. h5 Rc2 37. hxg6+ Kxg6 38. Kf3 a5 39. Nh5 Bc7 40. Re4
Be5 41. a4 Rc5 42. Nf4+ Bxf4 43. Rxf4 h5 44. gxh5+ Rxh5 45. Rg4+ Kf7 46. Rc4
Rf5+ 47. Ke2 Rd5 48. e4 Re5 49. Ke3 Rh5 50. f4 Rh3+ 51. Kd4 Rb3 52. Kd5 Rd3+
53. Kc5 f5 54. e5 Ke6 55. Rd4 Rb3 56. Rd6+ Ke7 57. Ra6 Rf3 58. Rxa5 Rxf4 59.
Kd5 Rf1 60. Ra7+ Kd8 61. a5 f4 62. a6 f3 63. Ke6 Ra1 64. Ra8+ Kc7 65. Rf8 Rxa6+
66. Ke7 Ra3 67. e6 Rd3 68. Rf4 Re3 69. Rf6 Rd3 70. Ke8 Re3 71. e7 Re2 72. Rxf3
Re1 73. Kf7 Kd7 74. Rd3+ 1-0

[Event "Midland Ch Forrest Cup"]
[Site "Derby"]
[Date "1993.03.20"]
[Round "3"]
[White "Ledger, Dave J"]
[Black "McSheehy, Nigel AP"]
[Result "1-0"]
[WhiteElo "2168"]
[BlackElo "1880"]
[PlyCount "77"]
[EventDate "1993.03.19"]
[EventType "swiss"]
[EventRounds "6"]
[EventCountry "ENG"]
[SourceTitle "BritBase"]
[Source "John Saunders"]
[SourceDate "2022.11.28"]
[SourceVersion "1"]
[SourceVersionDate "2022.08.23"]
[SourceQuality "1"]

1. Nf3 c5 2. g3 b6 3. Bg2 Bb7 4. O-O Nf6 5. d3 d5 6. Nbd2 e6 7. e4 dxe4 8. Ng5
Nbd7 9. Ngxe4 Qc7 10. Nc4 Nxe4 11. dxe4 Be7 12. Bf4 e5 13. Bd2 O-O 14. Ne3 Nf6
15. Nf5 Rfe8 16. Bg5 Rad8 17. Qe2 h6 18. Bd2 Bf8 19. Rad1 Bc8 20. g4 g6 21. Ne3
Bg7 22. h4 h5 23. g5 Nh7 24. Nd5 Qc6 25. Bc3 Bd7 26. Rd2 Nf8 27. f4 Bg4 28. Qf2
Rd7 29. f5 gxf5 30. exf5 e4 31. f6 Qe6 32. fxg7 Rxd5 33. gxf8=Q+ Kxf8 34. Rxd5
Qxd5 35. Qf6 Re6 36. Qh8+ (36. Qxf7#) 36... Ke7 37. Qb8 Qxa2 38. Qc7+ Kf8 39.
Qxf7# 1-0

[Event "Midland Ch Forrest Cup"]
[Site "Derby"]
[Date "1993.03.20"]
[Round "3"]
[White "Neil, David R"]
[Black "Sagall, Roy"]
[Result "0-1"]
[WhiteElo "2040"]
[BlackElo "2040"]
[PlyCount "106"]
[EventDate "1993.03.19"]
[EventType "swiss"]
[EventRounds "6"]
[EventCountry "ENG"]
[SourceTitle "BritBase"]
[Source "John Saunders"]
[SourceDate "2022.11.28"]
[SourceVersion "1"]
[SourceVersionDate "2022.08.23"]
[SourceQuality "1"]

1. e4 c5 2. Nc3 e6 3. f4 d5 4. exd5 exd5 5. Bb5+ Nc6 6. Qe2+ Be7 7. Nf3 Nf6 8.
Ne5 Qc7 9. Bxc6+ bxc6 10. O-O O-O 11. b3 Bd6 12. Bb2 Rb8 13. Rae1 c4 14. Kh1
Nd7 15. Qh5 f6 16. Nxd7 Bxd7 17. f5 cxb3 18. axb3 Rbe8 19. Nd1 Bb4 20. c3 Bd6
21. Ne3 Rb8 22. b4 a5 23. Rf3 Be8 24. Qh4 axb4 25. Rh3 h6 26. c4 Bf4 27. cxd5
Bg5 28. Qd4 Qf4 29. Qd3 cxd5 30. Nxd5 Qxd2 31. Qxd2 Bxd2 32. Re2 Bg5 33. Re4 b3
34. Rd3 h5 35. h4 Bh6 36. Rc3 Bf7 37. Ne7+ Kh7 38. Rc7 Rfd8 39. Nc6 Rd1+ 40.
Kh2 Re8 41. Rb4 Bd5 42. Ne7 Ba8 43. Bxf6 Rd2 44. Bg5 Rxg2+ 45. Kh3 Bxg5 46.
hxg5 Rxg5 47. Rxb3 Be4 48. Re3 Rg4 49. Ra3 Kh6 50. Ra5 Rb8 51. Ra3 Rb2 52. Rca7
Kg5 53. Rg3 Bg2+ 0-1

[Event "Midland Ch Forrest Cup"]
[Site "Derby"]
[Date "1993.03.20"]
[Round "3"]
[White "Nixon, Rodney J"]
[Black "Cohen, Aron J"]
[Result "0-1"]
[WhiteElo "1856"]
[BlackElo "2128"]
[PlyCount "46"]
[EventDate "1993.03.19"]
[EventType "swiss"]
[EventRounds "6"]
[EventCountry "ENG"]
[SourceTitle "BritBase"]
[Source "John Saunders"]
[SourceDate "2022.11.28"]
[SourceVersion "1"]
[SourceVersionDate "2022.08.23"]
[SourceQuality "1"]

1. d4 Nf6 2. c4 c5 3. d5 b5 4. cxb5 a6 5. e3 Bb7 6. Nc3 Qa5 7. Bd2 axb5 8. Nxb5
Qb6 9. Nf3 Bxd5 10. Be2 e6 11. O-O Be7 12. a4 O-O 13. a5 Qb7 14. Bc3 Ne4 15.
Be5 Nc6 16. Bc7 c4 17. Bb6 Nxa5 18. Bxa5 Qxb5 19. Nd4 Qxb2 20. f3 Nc3 21. Qe1
Nxe2+ 22. Nxe2 Bc5 23. Bc3 Rxa1 0-1

[Event "Midland Ch Forrest Cup"]
[Site "Derby"]
[Date "1993.03.20"]
[Round "3"]
[White "Rutter, Nicholas J"]
[Black "Archer-Lock, Christopher J"]
[Result "1-0"]
[WhiteElo "2040"]
[BlackElo "2000"]
[PlyCount "85"]
[EventDate "1993.03.19"]
[EventType "swiss"]
[EventRounds "6"]
[EventCountry "ENG"]
[SourceTitle "BritBase"]
[Source "John Saunders"]
[SourceDate "2022.11.28"]
[SourceVersion "1"]
[SourceVersionDate "2022.08.23"]
[SourceQuality "1"]

1. e4 e6 2. d4 d5 3. exd5 exd5 4. Nf3 Bd6 5. c4 c6 6. Nc3 Be6 7. cxd5 Bxd5 8.
Nxd5 cxd5 9. Bb5+ Nc6 10. O-O Nge7 11. Be3 O-O 12. Bd3 Ng6 13. Rc1 Qb6 14. b3
Ba3 15. Rc2 Nb4 16. Re2 Nxd3 17. Qxd3 Rac8 18. Rc2 Qe6 19. Rxc8 Rxc8 20. Qb5
Qc6 21. Qa5 Bb2 22. Qxa7 Qa6 23. Qxa6 bxa6 24. Rb1 Ba3 25. Ne1 Ne7 26. Kf1 Nf5
27. Ke2 Nd6 28. Kd3 Ne4 29. Rd1 Rc3+ 30. Ke2 Rc6 31. Kf1 Nc3 32. Rd2 Nb5 33.
Rc2 Re6 34. Rc8+ Bf8 35. Nd3 f6 36. Nc5 Re7 37. Nxa6 Ra7 38. Nc5 Kf7 39. a4 Nd6
40. Rb8 g5 41. Bc1 Nf5 42. Bb2 Kg7 43. Ne6+ 1-0

[Event "Midland Ch Forrest Cup"]
[Site "Derby"]
[Date "1993.03.20"]
[Round "4"]
[White "Archer-Lock, Christopher J"]
[Black "Molyneux, John"]
[Result "0-1"]
[WhiteElo "2000"]
[BlackElo "2072"]
[PlyCount "126"]
[EventDate "1993.03.19"]
[EventType "swiss"]
[EventRounds "6"]
[EventCountry "ENG"]
[SourceTitle "BritBase"]
[Source "John Saunders"]
[SourceDate "2022.11.28"]
[SourceVersion "1"]
[SourceVersionDate "2022.08.23"]
[SourceQuality "1"]

1. e4 c5 2. c3 Nf6 3. e5 Nd5 4. d4 cxd4 5. cxd4 d6 6. Bc4 Nb6 7. Bb5+ Bd7 8.
Bxd7+ Qxd7 9. Nf3 Nc6 10. O-O e6 11. Qe2 Nd5 12. Nc3 Nxc3 13. bxc3 Be7 14. exd6
Qxd6 15. a4 O-O 16. a5 Qd5 17. Qa2 Qxa2 18. Rxa2 Rfd8 19. Be3 Bf6 20. Rb1 Rd7
21. Kf1 a6 22. Bf4 Rc8 23. Rb3 Na7 24. Bg5 Nb5 25. Bd2 h6 26. h4 Kf8 27. g4 Bd8
28. Ke2 f6 29. h5 Nd6 30. Bc1 Nc4 31. Ba3+ Kf7 32. Bb4 g6 33. hxg6+ Kxg6 34.
Nd2 Nxd2 35. Rxd2 Kg5 36. f3 Rd5 37. Ra3 f5 38. gxf5 Rxf5 39. Ke3 Bc7 40. Rg2+
Kf6 41. Ra1 Bf4+ 42. Ke2 Rg5 43. Rag1 Rcg8 44. Rxg5 Rxg5 45. Rb1 Kf5 46. Bc5
Rg7 47. Kf2 h5 48. Rh1 h4 49. Rh3 Rh7 50. Bb4 Bc7 51. Ke3 Rh5 52. c4 Bg3 53. c5
Kf6 54. Ke4 Kf7 55. Bd2 Rf5 56. Rh1 Ke8 57. Be1 Bxe1 58. Rxe1 Rh5 59. Rh1 Kd7
60. Kf4 Kc6 61. Kg4 Rd5 62. Rd1 e5 63. Kxh4 Rxd4+ 0-1